000 00573nam a22002177a 4500
003 UA-OsUOA
001 71548
007 ta
008 20101123b un ||||| |||| 00| 0 ukr d
100 _aМочерняк І.
090 _a908
_bМ86
942 _cSA
040 _aUA-OsUOA
_bukr
_cUA-OsUOA
_dUA-OsUOA
245 _aПро нові досягнення та ротацію кадрів/Про Острозьку академію
300 _aС.5
955 _a0
041 _aukr
080 _a908
773 0 _w71547
650 7 _a908 Краєзнавство
_2UDC
999 _c357830
_d357830